| 000 | 00556nam a22001937a 4500 | ||
|---|---|---|---|
| 003 | OSt | ||
| 005 | 20180116183042.0 | ||
| 008 | 160223b xxu||||| |||| 00| 0 eng d | ||
| 020 | _a16-081-91-1 | ||
| 024 | _216-081-91-1 | ||
| 040 | _cLahore University of Management Sciences | ||
| 082 | _a174.4 LUM 1991 | ||
| 100 | _aSIPRA N, SHARIF H L | ||
| 245 |
_aTAX MAN COMETH (A) _cSIPRA N, SHARIF H L |
||
| 260 |
_aLahore _bLahore University of Management Sciences _c1991 |
||
| 300 |
_a10 p. _bPapers |
||
| 440 | _aTAX MAN COMETH (A) | ||
| 942 |
_2ddc _cCS |
||
| 999 |
_c351291 _d351291 |
||